LEADER 00909nam a2200253 i 4500 001 991004262938107536 005 20230123130039.0 008 230123m19791979fr a er 001 0 fre 020 $a2253064556 040 $aBibl. Dip.le Aggr. Scienze Umane e Sociali - Sez. Studi Storici 082 04$a909.08 082 04$a330.903 100 1 $aBraudel, Fernand$024270 245 10$aCivilisation, economie et capitalisme :$bXV-XVIII siecle / Fernand Braudel 260 $aParis :$bColin,$cc1979 300 $a3 v. :$bill. ;$c18 cm 505 00$a1: Les$tstructures du quotidian : le possible et l'impossible. -$g736 p. 505 00$a2: Les$tjeux de l'echange. -$g599 p. 505 00$a3: Le$ttemps du monde. -$g606 p. 650 4$aStoria sociale$ySec. 15.-18. 651 04$aEuropa$xEconomia$ySec. 15.-18. 912 $a991004262938107536 996 $aCivilisation, economie et capitalisme$93376543 997 $aUNISALENTO